Norwegia, Szwecja, Finlandia czy Dania?- miasta+ DLA GEOMEXA - Statystyki

Ogólne statystyki
  • Ten quiz został rozwiązany 41 razy
  • Średni wynik to 10 z 16
Statystyki odpowiedzi
Zagadnienie Odpowiedź % Poprawnych
Bergen Norwegia
96%
Tampere Finlandia
92%
Rovaniemi Finlandia
84%
Aarhus Dania
80%
Uppsala Szwecja
76%
Kittilä Finlandia
72%
Ålesund Norwegia
72%
Padborg Dania
68%
Kirkenes Norwegia
64%
Bryne Norwegia
64%
Fårösund Szwecja
48%
Ærøskøbing Dania
44%
Tierp Szwecja
44%
Riksgränsen Szwecja
40%
Hasle Dania
24%
Dagsmark Finlandia
4%
Nie znaleziono quizów pasujących do podanych kryteriów
Rozkład punktacji
Procent ludzi z każdym wynikiem
Percentyl według liczby udzielonych odpowiedzi
Twoja historia wyników
Nie rozwiązałeś tego quizu